| 000 | 01030cam a22003377a 4500 | ||
|---|---|---|---|
| 003 | CHAP | ||
| 005 | 20220817042548.0 | ||
| 008 | 971013s1972 r 00010 d | ||
| 010 | _a48139 | ||
| 011 | _a49111 | ||
| 035 | _a53259 | ||
| 040 | _cCHAP | ||
| 090 | _aFolleto 6636 | ||
| 100 | 0 | 0 |
_aTomás, Francisco. _9113871 |
| 245 | 1 | 4 | _aLos números racionales |
| 260 |
_aMéxico, D.F. : _bANUIES, _c1972 |
||
| 300 |
_a46 p. _b: gráfs. |
||
| 490 | 0 | _aTemas básicos | |
| 590 |
_aBATCH-UPD _b10 _c20130110 _lUCH01 _h1734 |
||
| 590 |
_aBATCH-UPD _b10 _c20130410 _lUCH01 _h1114 |
||
| 590 |
_aBATCH-UPD _b10 _c20130914 _lUCH01 _h1540 |
||
| 590 |
_aCONVERSION _b10 _c20130109 _lUCH01 _h1326 |
||
| 650 | 1 | 4 |
_aGeometría. _947652 |
| 650 | 1 | 4 |
_aNúmeros, teoría de los. _981911 |
| 830 | 0 | _aTemas basicos | |
| 901 | _aBK | ||
| 942 | _cFOLL | ||
| 949 |
_aFolleto 6636 _bBC _cFOLL _d-118216 _eTS1 _i53259 _si |
||
| 949 |
_aFolleto 6636 _bBC _cFOLL _d-118217 _eTS2 _fc.2 _i53259 _si |
||
| 949 |
_aFolleto 6636 _bBC _cFOLL _d-118218 _eTS2 _fc.3 _i53259 _si |
||
| 999 |
_c48139 _d48139 |
||